000 00470 a2200193 4500
003 OSt
005 20180116182923.0
008 160519b xxu||||| |||| 00| 0 eng d
020 _a0
040 _c0
082 _a514 MUN 1990
100 _aMunkres,James R.
245 _aTopology.
_cJames R.Munkres.
250 _a2nd.
260 _aIslamabad.
_bNational Book Foundation.
_c1990
300 _a537p.
_bHB
500 _aHard cover.
942 _aNBS
_cBK
_k514 MUN
_2ddc
999 _c348513
_d348513